000 00501nam a2200169 a 4500
001 53966
005 20180714044518.0
008 140415s1975 000 0 spa d
041 _aspa
082 _a220.15
_bMAY
100 1 _aMAYNADE, JOSEFINA
245 1 0 _aLIBRO DE LA SALIDA A LA LUZ DEL DIA :
_bLIBRO DE LOS MUERTOS
260 _a[s.l.] :
_bDIANA,
_c1975
300 _a157
490 _aTRADICCION SAGRADA DE LA HUMANIDAD
_v8
650 1 4 _aCULTO DE LOS ANTEPASADOS
_xVIDA FUTURA
999 _c53966
_d53966